Ant Colony Optimization

Saved in:
Bibliographic Details
Main Authors: Dorigo, Marco (Author), Stutzle, Thomas (Author)
Format: Book
Language:English
Published: Massachusetts : The MIT Press, 2004
Subjects:
Tags: Add Tag
No Tags, Be the first to tag this record!

MARC

LEADER 00000nam a22000003a 4500
001 stu137639
005 20190206134348.7
008 070205s2004----uk------------------eng-d
020 |a 0-262-04219-3 
040 |a STU  |b slo 
041 0 |a eng 
044 |a uk 
100 1 |a Dorigo, Marco  |4 aut 
245 1 |a Ant Colony Optimization 
260 |a Massachusetts :  |b The MIT Press,  |c 2004 
300 |a 305 s 
650 7 |a matematická optimalizácia  |2 stusub 
650 7 |a matematické modely  |2 stusub 
700 1 |a Stutzle, Thomas  |4 aut 
996 |b 284IK06768  |c I*14IB5509  |l II680  |s A  |a 24  |w stu137639_0001